[Event "Wch Seniors 23rd 2013"]
[Site "Opatija"]
[Date "2013.11.18"]
[Round "6.28"]
[White "Malmdin, Nils-Ake"]
[Black "Hess, Christian"]
[Result "1/2-1/2"]
[WhiteElo "2191"]
[BlackElo "2285"]
[PlyCount "52"]
[EventDate "2013.11.12"]

1. e4 c6 2. d4 d5 3. e5 Bf5 4. Nf3 e6 5. Be2 Ne7 6. O-O Nc8 7. a4 Be7 8. Na3
O-O 9. c3 Nd7 10. b4 a5 11. Bd2 f6 12. Nc2 axb4 13. cxb4 Bg4 14. exf6 Bxf6 15.
Ne5 Bxe2 16. Qxe2 Ncb6 17. Nd3 Qe8 18. a5 Nc4 19. Bc3 Kh8 20. Rae1 Nd6 21. Qxe6
Qxe6 22. Rxe6 Ne4 23. Be1 Rfc8 24. f3 Nf8 25. Rxe4 dxe4 26. fxe4 Ne6 1/2-1/2

[Event "Wch Seniors 23rd 2013"]
[Site "Opatija"]
[Date "2013.11.18"]
[Round "6.29"]
[White "Frick, Christoph"]
[Black "Samartsev, Alexander"]
[Result "0-1"]
[WhiteElo "2254"]
[BlackElo "2160"]
[PlyCount "110"]
[EventDate "2013.11.12"]

1. e4 c5 2. Nc3 d6 3. g3 Nc6 4. Bg2 g6 5. d3 Bg7 6. Nh3 Nf6 7. Nf4 Rb8 8. O-O
O-O 9. h3 b5 10. Ncd5 Nd7 11. Ne2 e6 12. Ne3 Nb6 13. f4 Nd4 14. c3 Nxe2+ 15.
Qxe2 d5 16. Nc2 dxe4 17. dxe4 a6 18. Be3 Na4 19. Rab1 Qc7 20. Qf2 a5 21. g4 f5
22. Na3 b4 23. cxb4 Rxb4 24. exf5 gxf5 25. b3 Nc3 26. Rbc1 Bd4 27. Nc4 fxg4 28.
Kh2 Bxe3 29. Qxe3 Nd5 30. Bxd5 exd5 31. Ne5 Ba6 32. Rxc5 Qg7 33. Rg1 Rbxf4 34.
Nxg4 Kh8 35. Ne5 Rf2+ 36. Kh1 Rf1 37. Rc1 Rxc1 38. Rxc1 d4 39. Qe4 Re8 40. Ng6+
Qxg6 41. Qxd4+ Qg7 42. Qxg7+ Kxg7 43. Rc7+ Kf6 44. Rxh7 Bd3 45. Rh4 Re4 46.
Rxe4 Bxe4+ 47. Kg1 Ke5 48. a3 Kd4 49. h4 Bg6 50. b4 a4 51. Kf2 Be8 52. Ke2 Kc3
53. Ke3 Kb3 54. Kd4 Kxa3 55. Kc5 Kb3 0-1

[Event "Wch Seniors 23rd 2013"]
[Site "Opatija"]
[Date "2013.11.18"]
[Round "6.30"]
[White "Kostanjsek, Zorko"]
[Black "Kierzek, Matthias"]
[Result "0-1"]
[WhiteElo "2177"]
[BlackElo "2250"]
[PlyCount "84"]
[EventDate "2013.11.12"]

1. Nf3 d5 2. b3 Bg4 3. Bb2 Nd7 4. d3 Bxf3 5. exf3 e5 6. f4 exf4 7. Qf3 Bb4+ 8.
Nd2 Qe7+ 9. Be2 Ngf6 10. Qxf4 O-O 11. O-O-O Bd6 12. Qe3 Qxe3 13. fxe3 Rfe8 14.
Nf1 Re7 15. Kd2 Rae8 16. g3 Bc5 17. Re1 Bxe3+ 18. Nxe3 Rxe3 19. Bd4 R3e6 20. b4
a6 21. g4 Ne5 22. g5 Nc6 23. Bf2 Nd7 24. a3 Nde5 25. Bd1 f6 26. h4 d4 27. Bg3
f5 28. h5 R6e7 29. Rhf1 g6 30. Rf2 Nf7 31. hxg6 hxg6 32. Rh1 Nce5 33. c3 Nxd3
34. Rfh2 dxc3+ 35. Kc2 f4 36. Bf2 Nxf2 37. Rxf2 Re1 38. Rh4 Rd8 39. Rhxf4 Rexd1
40. Rxf7 R1d2+ 41. Kxc3 R8d3+ 42. Kc4 b5+ 0-1

[Event "Wch Seniors 23rd 2013"]
[Site "Opatija"]
[Date "2013.11.18"]
[Round "6.31"]
[White "Gruzmann, Boris"]
[Black "Jackson, Oliver A"]
[Result "0-1"]
[WhiteElo "2249"]
[BlackElo "2154"]
[PlyCount "77"]
[EventDate "2013.11.12"]

1. e4 c5 2. Nf3 e6 3. d4 cxd4 4. Nxd4 a6 5. Bd3 Nf6 6. O-O Qc7 7. Kh1 b6 8. c4
Bb7 9. Nc3 Bc5 10. Nb3 Be7 11. f4 d6 12. Qe2 Nbd7 13. Bd2 h5 14. a4 Nc5 15.
Nxc5 bxc5 16. a5 h4 17. Bc2 O-O-O 18. Ra3 h3 19. gxh3 d5 20. exd5 exd5 21. Nxd5
Nxd5 22. cxd5 Rxd5 23. Kg1 Rhd8 24. Be3 f5 25. Ba4 R5d6 26. Qh5 Be4 27. Bf2 Rd2
28. Qf7 Qd6 29. Rg3 Bf6 30. Qc4 Rxf2 31. Rxf2 Bd4 32. Qe2 Bb7 33. Kf1 Bxf2 34.
Qxf2 Qd5 35. Bb3 Qe4 36. Qxc5+ Bc6 37. Bc2 Qxf4+ 38. Kg1 Qc1+ 39. Kf2 0-1

[Event "Wch Seniors 23rd 2013"]
[Site "Opatija"]
[Date "2013.11.18"]
[Round "6.34"]
[White "Altshul, Raffael"]
[Black "Giulian, Philip M"]
[Result "1/2-1/2"]
[WhiteElo "2150"]
[BlackElo "2244"]
[PlyCount "55"]
[EventDate "2013.11.12"]

1. d4 d5 2. c4 e6 3. Nc3 Nf6 4. cxd5 exd5 5. Bg5 c6 6. Qc2 Be7 7. e3 Nbd7 8.
Bd3 Nh5 9. Bxe7 Qxe7 10. Nge2 g6 11. g4 Ng7 12. O-O-O Nb6 13. Rdg1 Bd7 14. h4
h5 15. g5 O-O-O 16. Ng3 Bg4 17. Re1 Qc7 18. Be2 Bxe2 19. Qxe2 Rhe8 20. Qf3 Ne6
21. Kb1 Nc4 22. Re2 Kb8 23. Rd1 Re7 24. Rc2 Nb6 25. Nge2 Ng7 26. Ng3 Ne6 27.
Nge2 Ng7 28. Ng3 1/2-1/2

[Event "Wch Seniors 23rd 2013"]
[Site "Opatija"]
[Date "2013.11.18"]
[Round "6.35"]
[White "Harestad, Thor Geir"]
[Black "Vrhovnik, Damir"]
[Result "1/2-1/2"]
[WhiteElo "2238"]
[BlackElo "2108"]
[PlyCount "92"]
[EventDate "2013.11.12"]

1. d4 Nf6 2. c4 c5 3. d5 e6 4. Nc3 exd5 5. cxd5 d6 6. e4 g6 7. f3 Bg7 8. Bg5 h6
9. Be3 O-O 10. Qd2 h5 11. Nge2 Nbd7 12. Nc1 Ne5 13. Be2 h4 14. O-O h3 15. g3 a6
16. a4 Re8 17. N1a2 Nh7 18. Kh1 f5 19. f4 Nf7 20. e5 dxe5 21. Bxc5 b6 22. Bf2
Bb7 23. Rfd1 Nf6 24. Kg1 Qd6 25. Bf1 Rad8 26. Bxh3 exf4 27. gxf4 Nxd5 28. Nxd5
Qxd5 29. Qxd5 Rxd5 30. Rxd5 Bxd5 31. Nc3 Bf3 32. Bf1 a5 33. Bb5 Rb8 34. Re1 g5
35. Re7 Kf8 36. Re6 gxf4 37. Rxb6 Rc8 38. Kf1 Ng5 39. Bd7 Rc7 40. Bxf5 Bxc3 41.
bxc3 Rxc3 42. h4 Ne4 43. Bxe4 Bxe4 44. Rf6+ Kg8 45. Rxf4 Rc4 46. Kg1 Rxa4
1/2-1/2

[Event "Wch Seniors 23rd 2013"]
[Site "Opatija"]
[Date "2013.11.18"]
[Round "6.37"]
[White "Ashby, Anthony C"]
[Black "Schmidt, Gerhard"]
[Result "1/2-1/2"]
[WhiteElo "2121"]
[BlackElo "2237"]
[PlyCount "33"]
[EventDate "2013.11.12"]

1. c4 e6 2. g3 d5 3. Bg2 Nf6 4. Nf3 Be7 5. O-O O-O 6. d4 c6 7. Nc3 Nbd7 8. cxd5
exd5 9. Qc2 Bd6 10. a3 a5 11. e4 Nxe4 12. Nxe4 dxe4 13. Ng5 Nf6 14. Nxe4 Be7
15. Be3 Be6 16. Nc5 Qc8 17. Nxe6 1/2-1/2

[Event "Wch Seniors 23rd 2013"]
[Site "Opatija"]
[Date "2013.11.18"]
[Round "6.38"]
[White "Giesen, Dieter"]
[Black "Nickl, Klaus"]
[Result "1/2-1/2"]
[WhiteElo "2235"]
[BlackElo "2122"]
[PlyCount "25"]
[EventDate "2013.11.12"]

1. e4 e6 2. d4 d5 3. e5 c5 4. c3 Nc6 5. Nf3 Bd7 6. g3 a5 7. b3 Qb6 8. Be3 cxd4
9. cxd4 Nge7 10. Be2 Nf5 11. O-O Be7 12. Qd3 f6 13. exf6 1/2-1/2

[Event "Wch Seniors 23rd 2013"]
[Site "Opatija"]
[Date "2013.11.18"]
[Round "6.39"]
[White "Gromark, Per-Olof"]
[Black "Moen, Ole Christian"]
[Result "0-1"]
[WhiteElo "2102"]
[BlackElo "2232"]
[PlyCount "104"]
[EventDate "2013.11.12"]

1. Nf3 Nf6 2. c4 g6 3. b4 Bg7 4. Bb2 O-O 5. g3 a5 6. b5 d6 7. Bg2 Nbd7 8. d4 e5
9. Qc2 exd4 10. Bxd4 Nc5 11. Nbd2 Bf5 12. Qd1 Qc8 13. O-O Bh3 14. Qc2 Re8 15.
Rfe1 Bxg2 16. Kxg2 a4 17. Rad1 b6 18. Qb2 a3 19. Qa1 Nh5 20. Bxg7 Nxg7 21. Nd4
Nge6 22. N2f3 Ra4 23. Rc1 Nxd4 24. Qxd4 Re4 25. Qd5 Qe6 26. Qxe6 fxe6 27. Nd2
Rd4 28. Rc2 Kf8 29. Kf3 Rb4 30. e3 Rd3 31. Ke2 d5 32. cxd5 Rxd5 33. Nb1 Rxb5
34. Nc3 Rb2 35. Rxb2 axb2 36. Nxd5 exd5 37. Kd2 Ke7 38. Kc2 Na4 39. Rd1 c5 40.
f3 b5 41. a3 Ke6 42. e4 d4 43. Rd3 Ke5 44. Rb3 b4 45. axb4 c4 46. Rxb2 d3+ 47.
Kc1 Nxb2 48. Kxb2 Kd4 49. e5 c3+ 50. Kc1 d2+ 51. Kc2 Ke3 52. e6 Ke2 0-1

[Event "Wch Seniors 23rd 2013"]
[Site "Opatija"]
[Date "2013.11.18"]
[Round "6.40"]
[White "Trois, Francisco R.T"]
[Black "Toefferl, Heimo"]
[Result "1/2-1/2"]
[WhiteElo "2229"]
[BlackElo "2089"]
[PlyCount "52"]
[EventDate "2013.11.12"]

1. c4 e6 2. Nc3 d5 3. d4 f5 4. Nf3 c6 5. Bf4 Nf6 6. e3 Be7 7. Bd3 O-O 8. h3 a5
9. Ne5 Nbd7 10. Qc2 Nxe5 11. Bxe5 dxc4 12. Bxc4 b5 13. Be2 Bd7 14. a4 Qb6 15.
Qb3 b4 16. O-O Qd8 17. Nb1 Ne4 18. f3 Ng5 19. Nd2 Qe8 20. f4 Nf7 21. Nc4 Ra7
22. Qc2 c5 23. b3 Bc6 24. Bf3 Bd5 25. Rac1 Qc6 26. dxc5 Bxc5 1/2-1/2

[Event "Wch Seniors 23rd 2013"]
[Site "Opatija"]
[Date "2013.11.18"]
[Round "6.41"]
[White "Acosta, Mariano"]
[Black "Fucak, Emilijo"]
[Result "0-1"]
[WhiteElo "1978"]
[BlackElo "2223"]
[PlyCount "112"]
[EventDate "2013.11.12"]

1. e4 c5 2. Nf3 Nc6 3. g3 Nf6 4. d3 d5 5. Qe2 dxe4 6. dxe4 Bg4 7. Qe3 e5 8. Bb5
Qb6 9. Nc3 Bd6 10. h3 Bxf3 11. Qxf3 O-O 12. Bxc6 Qxc6 13. Bg5 Nd7 14. Rd1 Rae8
15. O-O h6 16. Bc1 c4 17. Nd5 Nb6 18. Bxh6 f5 19. Be3 Bc5 20. Bxc5 Qxc5 21. Nc3
Qb4 22. Rb1 f4 23. g4 Re6 24. a3 Qc5 25. Rbd1 Rh6 26. Rd2 Rh4 27. Rfd1 Rf6 28.
Rd8+ Kh7 29. Kg2 Rfh6 30. R1d2 Qe7 31. Rb8 Qg5 32. Rdd8 Rxh3 33. Qxh3 Rxh3 34.
Rh8+ Kg6 35. Kxh3 f3 36. Rbf8 Qc1 37. Kg3 Qxb2 38. Rxf3 Qxc2 39. Rb8 Qc1 40.
Kg2 Nd7 41. Rxb7 Nc5 42. Rc7 Nd3 43. Rff7 Qxc3 44. Rxg7+ Kh6 45. Rh7+ Kg5 46.
Rcf7 Nf4+ 47. Kh2 Qc2 48. Rfg7+ Ng6 49. Rf7 Kxg4 50. Rfg7 Kg5 51. Rd7 Qxf2+ 52.
Kh1 c3 53. Rd6 Qf3+ 54. Kg1 Qxe4 55. Kf2 c2 56. Rc7 Qf4+ 0-1

[Event "Wch Seniors 23rd 2013"]
[Site "Opatija"]
[Date "2013.11.18"]
[Round "6.43"]
[White "Pushkov, Nikolai"]
[Black "Hedin, Gunnar"]
[Result "1-0"]
[WhiteElo "2371"]
[BlackElo "2100"]
[PlyCount "107"]
[EventDate "2013.11.12"]

1. d4 f5 2. g3 Nf6 3. Bg2 g6 4. c4 Bg7 5. Nc3 O-O 6. Nh3 Nc6 7. Rb1 d6 8. d5
Ne5 9. b3 c5 10. O-O Ne8 11. Bb2 Nc7 12. Nf4 Rb8 13. Qd2 a6 14. Nd3 b5 15. Nxe5
Bxe5 16. e3 Qe8 17. Ne2 Bf6 18. Bxf6 exf6 19. cxb5 Qxb5 20. Rbc1 Rf7 21. Rfd1
Qb4 22. Qxb4 Rxb4 23. Nf4 Rb6 24. Nd3 a5 25. Nxc5 dxc5 26. Rxc5 Bb7 27. Rdc1
Ne8 28. Rxa5 Nd6 29. Rac5 Ne8 30. Bf1 Rd7 31. Bb5 Rd8 32. Bc6 Bxc6 33. dxc6 Nc7
34. R1c3 Kf7 35. a4 Ke6 36. R5c4 Rd1+ 37. Kg2 Rb1 38. Rd3 R1xb3 39. Rd7 Rxc6
40. Rxc7 Rxc4 41. Rxc4 Ra3 42. Rc6+ Ke7 43. Rc7+ Ke6 44. Rxh7 Rxa4 45. h4 g5
46. h5 Ra8 47. h6 Rg8 48. Ra7 Rh8 49. h7 Kd6 50. Kf3 Ke5 51. g4 f4 52. exf4+
gxf4 53. Rg7 f5 54. g5 1-0

[Event "Wch Seniors 23rd 2013"]
[Site "Opatija"]
[Date "2013.11.18"]
[Round "6.44"]
[White "Stull, Norbert"]
[Black "Herbrechtsmeier, Christof"]
[Result "1/2-1/2"]
[WhiteElo "2075"]
[BlackElo "2302"]
[PlyCount "39"]
[EventDate "2013.11.12"]

1. d4 Nf6 2. c4 g6 3. Nc3 d5 4. Nf3 Bg7 5. cxd5 Nxd5 6. e4 Nxc3 7. bxc3 Qd7 8.
Bc4 b6 9. Qe2 O-O 10. O-O Qa4 11. Bg5 Qa3 12. Rab1 Ba6 13. Bxa6 Qxa6 14. c4 Re8
15. Bf4 Nc6 16. e5 Rad8 17. Rfd1 f6 18. e6 Na5 19. Rbc1 c6 20. h4 1/2-1/2

[Event "Wch Seniors 23rd 2013"]
[Site "Opatija"]
[Date "2013.11.18"]
[Round "6.45"]
[White "Postler, Reinhard"]
[Black "Finnlaugsson, Gunnar"]
[Result "1-0"]
[WhiteElo "2232"]
[BlackElo "2082"]
[PlyCount "69"]
[EventDate "2013.11.12"]

1. e4 e6 2. d4 d5 3. Nd2 dxe4 4. Nxe4 Nf6 5. Nxf6+ gxf6 6. Be3 b6 7. Qf3 c6 8.
O-O-O Bb7 9. Nh3 Bd6 10. Nf4 Nd7 11. Bd3 Qe7 12. Be4 Rc8 13. g4 Kd8 14. Rhe1
Kc7 15. h3 Kb8 16. Nh5 h6 17. Bf4 e5 18. Bg3 Rc7 19. Ng7 Qf8 20. Nf5 Be7 21. a3
a5 22. Re3 Ka7 23. Rc3 c5 24. dxe5 Nxe5 25. Bxe5 fxe5 26. Bxb7 Rxb7 27. Rcd3
Qe8 28. Kb1 Qb5 29. Qe4 f6 30. c4 Qa4 31. Ka2 h5 32. Nxe7 Rxe7 33. Rd8 Rxd8 34.
Rxd8 Rb7 35. b3 1-0

[Event "Wch Seniors 23rd 2013"]
[Site "Opatija"]
[Date "2013.11.18"]
[Round "6.46"]
[White "Zhukov, Viktor I"]
[Black "Hammar, Bengt"]
[Result "0-1"]
[WhiteElo "2069"]
[BlackElo "2231"]
[PlyCount "78"]
[EventDate "2013.11.12"]

1. e4 c5 2. Nf3 d6 3. d4 cxd4 4. Nxd4 Nf6 5. Nc3 a6 6. Bc4 e6 7. Bb3 Nbd7 8.
Bg5 Nc5 9. f3 Be7 10. Be3 Qc7 11. Qd2 b5 12. a3 Nxb3 13. Nxb3 O-O 14. Qf2 Nd7
15. O-O Bb7 16. Rad1 Rac8 17. Qg3 Rfe8 18. Nd4 Ne5 19. Nde2 Bf8 20. f4 Nc4 21.
Bc1 Kh8 22. b3 Nb6 23. Bb2 e5 24. f5 f6 25. Qh4 Red8 26. Rd3 d5 27. Rh3 h6 28.
Bc1 Qf7 29. exd5 Nxd5 30. Rg3 Nxc3 31. Nxc3 Rd4 32. Qh3 Rd7 33. Rg6 a5 34. b4
axb4 35. axb4 Rc4 36. Nd1 Rxc2 37. Ne3 Rd3 38. Qh5 Rxe3 39. Bxe3 Rxg2+ 0-1

[Event "Wch Seniors 23rd 2013"]
[Site "Opatija"]
[Date "2013.11.18"]
[Round "6.47"]
[White "Spika, Ivica"]
[Black "Acers, Jude"]
[Result "1/2-1/2"]
[WhiteElo "2018"]
[BlackElo "2230"]
[PlyCount "119"]
[EventDate "2013.11.12"]

1. d4 d5 2. c4 dxc4 3. e3 Be6 4. Na3 a6 5. Nxc4 Nf6 6. Nf3 Bd5 7. Be2 e6 8. O-O
c5 9. Nce5 Nc6 10. Nxc6 Bxc6 11. b3 Bd6 12. dxc5 Bxc5 13. Bb2 Qe7 14. Ne5 Bd5
15. Bf3 Rd8 16. Qe2 Bxf3 17. Nxf3 O-O 18. Rac1 Nd5 19. Rfd1 f6 20. Nd2 Rc8 21.
Ne4 Ba3 22. h4 Bxb2 23. Qxb2 f5 24. Ng5 h6 25. Nf3 g5 26. hxg5 hxg5 27. Qe5 g4
28. Nd4 Nc3 29. Re1 Rc5 30. Qxe6+ Qxe6 31. Nxe6 Ne2+ 32. Rxe2 Rxc1+ 33. Kh2
Rfc8 34. Nd4 R8c5 35. Kg3 Ra1 36. Ne6 Rcc1 37. Nd4 Rc5 38. Rd2 Kf7 39. Ne2 Re1
40. Nf4 Ra1 41. Rd7+ Ke8 42. Rxb7 Rxa2 43. Ne6 Rcc2 44. Kf4 Rxf2+ 45. Kg5 f4
46. exf4 Rae2 47. Kf6 Rxe6+ 48. Kxe6 Re2+ 49. Kf6 Rxg2 50. f5 g3 51. Rg7 Rg1
52. Rg8+ Kd7 53. Rg4 g2 54. Kg6 a5 55. f6 Ke6 56. Re4+ Kd5 57. Rg4 Ke6 58. Re4+
Kd5 59. Rg4 Ke6 60. Re4+ 1/2-1/2

[Event "Wch Seniors 23rd 2013"]
[Site "Opatija"]
[Date "2013.11.18"]
[Round "6.48"]
[White "Morriss, Pete"]
[Black "Wittmann, Walter"]
[Result "0-1"]
[WhiteElo "2008"]
[BlackElo "2224"]
[PlyCount "82"]
[EventDate "2013.11.12"]

1. b4 d5 2. Bb2 Qd6 3. a3 e5 4. Nf3 f6 5. e3 Be6 6. d4 e4 7. Nfd2 Nd7 8. c4 c6
9. Nc3 a6 10. Na4 Ne7 11. Nc5 Nxc5 12. bxc5 Qc7 13. cxd5 Bxd5 14. Qc2 f5 15.
Nc4 Nc8 16. g3 Be7 17. Bc3 Bf6 18. Rb1 O-O 19. Qb2 Rf7 20. h4 g6 21. Be2 Qd7
22. Qc2 Qe6 23. Na5 Ra7 24. Rb4 Bd8 25. Nc4 h6 26. Ne5 Rg7 27. Rb1 Bc7 28. h5
g5 29. Kd2 b5 30. cxb6 Nxb6 31. Ba5 Nd7 32. Bxc7 Rxc7 33. Nxd7 Rgxd7 34. Rb8+
Kh7 35. Qc5 Re7 36. Rhb1 f4 37. gxf4 gxf4 38. Rg1 f3 39. Rg6 Qf5 40. Qd6 Qxh5
41. Rgg8 Bxg8 0-1

[Event "Wch Seniors 23rd 2013"]
[Site "Opatija"]
[Date "2013.11.18"]
[Round "6.50"]
[White "Nukin, Tolegen"]
[Black "Belistri, Ubaldo"]
[Result "1-0"]
[WhiteElo "2208"]
[BlackElo "2016"]
[PlyCount "85"]
[EventDate "2013.11.12"]

1. Nf3 c5 2. c4 Nc6 3. Nc3 Nf6 4. g3 g6 5. b3 Bg7 6. Bb2 O-O 7. Bg2 e5 8. O-O
d6 9. Ne1 Rb8 10. Nc2 a6 11. Ne3 Nd4 12. Ned5 Nxd5 13. Nxd5 b5 14. e3 Nf5 15.
d3 h5 16. Qe2 Re8 17. Rae1 Bb7 18. Qd1 Ne7 19. Qa1 Nxd5 20. cxd5 f6 21. f4 Rf8
22. e4 Bc8 23. f5 Qe8 24. Qd1 Kf7 25. fxg6+ Kxg6 26. Bf3 Rh8 27. h4 Bh3 28. Rf2
Qd7 29. Kh2 Bg4 30. Ref1 Rbf8 31. Bc1 Bh3 32. Rg1 Bg4 33. Rgf1 Bh3 34. Bg2 Bg4
35. Qe1 Bh6 36. Bxh6 Rxh6 37. Qa5 Qb7 38. Bh3 Rh7 39. Bxg4 hxg4 40. Qd2 Rh5 41.
Qe2 f5 42. Rxf5 Rhxf5 43. Rxf5 1-0

[Event "Wch Seniors 23rd 2013"]
[Site "Opatija"]
[Date "2013.11.18"]
[Round "6.51"]
[White "Gundersen, Helge"]
[Black "Baeta, Marcio Netto"]
[Result "1/2-1/2"]
[WhiteElo "2183"]
[BlackElo "2068"]
[PlyCount "85"]
[EventDate "2013.11.12"]

1. e4 Nf6 2. Nc3 d5 3. e5 Nfd7 4. d4 e6 5. f4 c5 6. Nf3 Nc6 7. Be3 cxd4 8. Nxd4
Bb4 9. Qd2 Nc5 10. Bd3 Nxd3+ 11. Qxd3 O-O 12. O-O f6 13. exf6 gxf6 14. Nf3 Kh8
15. Rad1 Ne7 16. Bd4 Nf5 17. Kh1 Qc7 18. g3 Bd7 19. Rfe1 Rae8 20. Re2 a6 21. a3
Bd6 22. Rde1 Nxd4 23. Qxd4 Bc5 24. Qd2 Qb6 25. b4 Bd6 26. Nd4 Bb8 27. f5 e5 28.
Nf3 d4 29. Nh4 Kg7 30. Ne4 Bc6 31. Kg2 Bd5 32. g4 Rc8 33. g5 Rg8 34. Kf1 Bxe4
35. Rxe4 fxg5 36. Qxg5+ Kf8 37. Ng6+ hxg6 38. Rxe5 Bxe5 39. Rxe5 Qd6 40. Re6
Qd8 41. Qh6+ Kf7 42. Rxg6 Rxg6 43. Qxg6+ 1/2-1/2

[Event "Wch Seniors 23rd 2013"]
[Site "Opatija"]
[Date "2013.11.18"]
[Round "6.53"]
[White "Ofstad, Per"]
[Black "Mckerracher, Douglas"]
[Result "1/2-1/2"]
[WhiteElo "2181"]
[BlackElo "2006"]
[PlyCount "27"]
[EventDate "2013.11.12"]

1. e4 d5 2. exd5 Qxd5 3. Nc3 Qa5 4. d4 Nf6 5. Nf3 Bf5 6. Bc4 e6 7. O-O c6 8.
Re1 Be7 9. Bb3 Nbd7 10. Ne5 Nxe5 11. dxe5 Nd5 12. Bd2 Nxc3 13. Bxc3 Qc7 14. Re2
1/2-1/2

[Event "Wch Seniors 23rd 2013"]
[Site "Opatija"]
[Date "2013.11.18"]
[Round "6.54"]
[White "Theting, Helge E"]
[Black "Singer, Hans"]
[Result "1-0"]
[WhiteElo "1979"]
[BlackElo "2177"]
[PlyCount "91"]
[EventDate "2013.11.12"]

1. Nf3 Nf6 2. g3 d5 3. Bg2 c5 4. O-O Nc6 5. d3 g6 6. Nbd2 Bg7 7. e4 O-O 8. Re1
d4 9. a4 e5 10. Nc4 Ne8 11. b3 b6 12. h4 Bg4 13. Bg5 f6 14. Bd2 Nd6 15. Qc1 Nf7
16. Nh2 Be6 17. f4 exf4 18. gxf4 Qd7 19. Qd1 Bh3 20. Bf3 Rae8 21. Kh1 f5 22. e5
h5 23. Qe2 Re6 24. Qf2 Bg4 25. Bg2 Ne7 26. Nf3 Bh6 27. Ng5 Bxg5 28. hxg5 Nd5
29. Nd6 Ne7 30. Nc4 Kg7 31. b4 cxb4 32. Bxb4 Rd8 33. Bd6 h4 34. Kh2 h3 35. Bh1
Nxd6 36. exd6 Rxd6 37. Nxd6 Qxd6 38. Re5 Rd7 39. Rae1 Rc7 40. Kg3 Kf7 41. Re6
Qc5 42. R1e5 Qc3 43. Qe1 Qxe1+ 44. Rxe1 Rd7 45. Bc6 Rc7 46. Bb5 1-0

[Event "Wch Seniors 23rd 2013"]
[Site "Opatija"]
[Date "2013.11.18"]
[Round "6.55"]
[White "Gonzalez Pabollet, Jesus Maria"]
[Black "Titz, Heimo"]
[Result "0-1"]
[WhiteElo "1970"]
[BlackElo "2174"]
[PlyCount "82"]
[EventDate "2013.11.12"]

1. b3 d6 2. Bb2 e5 3. e3 Nf6 4. d4 Nbd7 5. c4 c6 6. Nf3 e4 7. Nfd2 d5 8. c5 Be7
9. b4 a6 10. a4 O-O 11. f4 exf3 12. Qxf3 Re8 13. Nc3 Nf8 14. h3 Ng6 15. g3 Be6
16. Bd3 Qd7 17. g4 h6 18. Bxg6 fxg6 19. O-O-O Rf8 20. Qg2 g5 21. Nf3 Ne4 22.
Ne5 Qe8 23. Rhf1 Nxc3 24. Rxf8+ Bxf8 25. Bxc3 Be7 26. Rf1 Bf6 27. a5 Bxe5 28.
dxe5 Qg6 29. Qc2 Kh7 30. Qxg6+ Kxg6 31. Kd2 Rh8 32. Ke2 d4 33. Bxd4 Bc4+ 34.
Ke1 Bxf1 35. Kxf1 Kf7 36. Kf2 Ke6 37. e4 Rf8+ 38. Ke3 Rf1 39. Bc3 Rh1 40. Kd4
Rxh3 41. Be1 Rh4 0-1

[Event "Wch Seniors 23rd 2013"]
[Site "Opatija"]
[Date "2013.11.18"]
[Round "6.56"]
[White "Balmazi, Leon"]
[Black "Korenevski, Oleg"]
[Result "1-0"]
[WhiteElo "2159"]
[BlackElo "1880"]
[PlyCount "89"]
[EventDate "2013.11.12"]

1. d4 Nf6 2. Nf3 e6 3. c4 b6 4. Bf4 Bb4+ 5. Nbd2 Bb7 6. a3 Be7 7. Qc2 Nh5 8.
Be3 f5 9. d5 O-O 10. g3 exd5 11. Bg2 dxc4 12. Nxc4 Be4 13. Qb3 d5 14. Rd1 Nd7
15. Ncd2 c6 16. Nxe4 fxe4 17. Nd4 Nc5 18. Qa2 Qc8 19. b4 Ne6 20. Bh3 Rf6 21. b5
Bxa3 22. Bxe6+ Rxe6 23. Qxa3 Re8 24. Nxc6 Qd7 25. O-O Nf6 26. Bd4 a6 27. Qb3
axb5 28. Nb4 Qe6 29. Bxf6 gxf6 30. Qxd5 Kf7 31. Qb7+ Kg6 32. Nd5 Kh6 33. Qxb6
Qxb6 34. Nxb6 Ra2 35. e3 Ra6 36. Rd6 Kg6 37. Nc4 Rea8 38. Rxa6 Rxa6 39. Nd2 f5
40. Rb1 Rd6 41. Nb3 Rb6 42. Nd4 b4 43. Kg2 Kf6 44. Rb3 Ke5 45. Rxb4 1-0

[Event "Wch Seniors 23rd 2013"]
[Site "Opatija"]
[Date "2013.11.18"]
[Round "6.57"]
[White "Diaz Franco, Francisco Jorge"]
[Black "Gamboa, Anibal"]
[Result "0-1"]
[WhiteElo "1966"]
[BlackElo "2096"]
[PlyCount "50"]
[EventDate "2013.11.12"]

1. d4 Nf6 2. c4 e6 3. Nc3 Bb4 4. e3 O-O 5. Nf3 d5 6. Qb3 Nc6 7. Be2 a5 8. a3
dxc4 9. Qxc4 Bxc3+ 10. Qxc3 Re8 11. O-O Qd5 12. Rd1 b5 13. Ne5 Bb7 14. Bf3 Ne4
15. Qc2 Nxe5 16. Bxe4 Qxe4 17. Qxe4 Bxe4 18. dxe5 Red8 19. Bd2 Bc2 20. Kf1 Bxd1
21. Rxd1 Rd5 22. f4 Rad8 23. Ke2 c5 24. g4 c4 25. h4 b4 0-1

[Event "Wch Seniors 23rd 2013"]
[Site "Opatija"]
[Date "2013.11.18"]
[Round "6.60"]
[White "Lovejoy, David"]
[Black "Christiansen, Arne"]
[Result "0-1"]
[WhiteElo "1943"]
[BlackElo "2117"]
[PlyCount "86"]
[EventDate "2013.11.12"]

1. e4 d6 2. d4 Nf6 3. Nc3 g6 4. g3 Bg7 5. Bg2 O-O 6. Nge2 c6 7. a4 a5 8. O-O
Na6 9. h3 Qc7 10. g4 Nb4 11. Be3 e5 12. Rc1 Be6 13. d5 Bd7 14. Qd2 cxd5 15.
exd5 Na6 16. Nb5 Bxb5 17. axb5 Nc5 18. Nc3 Nfd7 19. Bh6 Rae8 20. Bxg7 Kxg7 21.
Rfe1 f5 22. Re3 Re7 23. gxf5 Rxf5 24. Rg3 Ref7 25. Rf1 Nf6 26. Bf3 Nh5 27. Bxh5
Rxh5 28. Qe2 Rhf5 29. Nd1 Rf4 30. Ne3 Ne4 31. Rg2 Nf6 32. c3 Qc5 33. Rd1 Kh8
34. Ra1 b6 35. Rd1 Nh5 36. Rf1 R4f6 37. Qd2 Nf4 38. Rg3 h5 39. h4 Qxb5 40. c4
Qb3 41. Rd1 Qa4 42. b3 Qd7 43. Rf1 Nh3+ 0-1

[Event "Wch Seniors 23rd 2013"]
[Site "Opatija"]
[Date "2013.11.18"]
[Round "6.61"]
[White "Norman, Dinah M"]
[Black "Kiselev, Alexander"]
[Result "1/2-1/2"]
[WhiteElo "1800"]
[BlackElo "2113"]
[PlyCount "88"]
[EventDate "2013.11.12"]

1. d4 d5 2. Nf3 a6 3. Bf4 c5 4. c3 Qb6 5. Qb3 Qxb3 6. axb3 cxd4 7. cxd4 Nc6 8.
e3 Bf5 9. Nc3 Nb4 10. Rc1 Rc8 11. Be2 Nf6 12. O-O h6 13. h3 g5 14. Be5 Bg7 15.
Nd2 O-O 16. Bh2 Nd3 17. Bxd3 Bxd3 18. Rfe1 b5 19. b4 Rc6 20. Nxd5 Re6 21. Nxf6+
Bxf6 22. Nb3 Bc4 23. Nc5 Rc6 24. Ra1 Rd8 25. Nxa6 Bg7 26. Nc5 f5 27. Ra7 Kf7
28. Rea1 f4 29. Re1 Bf6 30. b3 Be6 31. Ra5 Bf5 32. Rxb5 Ra8 33. Ra5 Rb8 34. Ra7
Rxb4 35. Ra4 Rxa4 36. bxa4 e5 37. dxe5 Bxe5 38. e4 Rxc5 39. exf5 Kf6 40. g4 Rc4
41. f3 Rc2 42. Rd1 Ra2 43. Kh1 Rxa4 44. Bg1 Ra1 1/2-1/2

[Event "Wch Seniors 23rd 2013"]
[Site "Opatija"]
[Date "2013.11.18"]
[Round "6.62"]
[White "Urbanc, Vinko"]
[Black "Medancic, Rikard"]
[Result "0-1"]
[WhiteElo "1842"]
[BlackElo "2244"]
[PlyCount "84"]
[EventDate "2013.11.12"]

1. e4 c5 2. Nf3 e6 3. d4 cxd4 4. Nxd4 a6 5. Bd3 Bc5 6. Nb3 Be7 7. O-O d6 8. Nc3
Nf6 9. a4 b6 10. Be3 Qc7 11. a5 b5 12. f4 Nbd7 13. Qf3 Bb7 14. Qg3 g6 15. Rae1
Rc8 16. Bd4 O-O 17. f5 e5 18. Be3 Kh8 19. Bg5 gxf5 20. Qh4 Rg8 21. Re3 b4 22.
Na2 d5 23. Nxb4 dxe4 24. Nxa6 Qd6 25. Bb5 Rxg5 26. Qxg5 f4 27. Rh3 Rg8 28. Qf5
Bxa6 29. Bxd7 e3 30. Rh6 e2 31. Re1 Qd5 32. Qh3 Rg6 33. Bf5 Rxh6 34. Qxh6 Qd6
35. Qh3 e4 36. Qc3 Kg8 37. Kf2 Qd5 38. Bc8 Bc4 39. Rxe2 e3+ 40. Rxe3 fxe3+ 41.
Kxe3 Qe4+ 42. Kd2 Qe2+ 0-1

[Event "Wch Seniors 23rd 2013"]
[Site "Opatija"]
[Date "2013.11.18"]
[Round "6.63"]
[White "Wilson, F  Leon"]
[Black "Andersson, Finn"]
[Result "0-1"]
[WhiteElo "1591"]
[BlackElo "1846"]
[PlyCount "104"]
[EventDate "2013.11.12"]

1. d4 e6 2. c4 Nf6 3. Nc3 c5 4. Nf3 cxd4 5. Nxd4 Nc6 6. Bg5 Be7 7. e3 Qa5 8.
Bxf6 Bxf6 9. Rc1 Nxd4 10. exd4 Qb6 11. Na4 Qxd4 12. Qxd4 Bxd4 13. Bd3 d6 14.
O-O O-O 15. Rfd1 e5 16. b3 f5 17. Nc3 Bxc3 18. Rxc3 Be6 19. Be2 Rfd8 20. Rcd3
Rac8 21. Rxd6 Rxd6 22. Rxd6 Kf7 23. h3 Ke7 24. Rd3 Rc6 25. Rd1 Rd6 26. c5 Rxd1+
27. Bxd1 Kd7 28. a3 Kc6 29. b4 Kb5 30. f3 a5 31. Be2+ Bc4 32. Bxc4+ Kxc4 33.
bxa5 Kxc5 34. Kf2 Kb5 35. Ke3 Kxa5 36. f4 e4 37. g4 g6 38. g5 Ka4 39. Kd4 Kxa3
40. Kc3 b5 41. Kc2 b4 42. Kb1 Kb3 43. h4 e3 44. Kc1 Ka2 45. h5 b3 46. h6 b2+
47. Kd1 b1=Q+ 48. Ke2 Qe4 49. Kf1 Qf3+ 50. Kg1 e2 51. Kh2 e1=N 52. Kg1 Qg2# 0-1